Discovering genomics: Proteomics and bioinformatics (Record no. 394096)

MARC details
000 -LEADER
fixed length control field 00528 a2200205 4500
005 - DATE & TIME
control field 20260112153508.0
008 - FIXED-LENGTH DATA ELEMENTS--GENERAL INFORMATION
fixed length control field 260112b |||||||| |||| 00| 0 eng d
020 ## - ISBN
International Standard Book Number 9781914187124
Price £ 135.00
040 ## - CATALOGING SOURCE
Original cataloging agency VIVEKANANDA LIBRARY
082 ## - DDC NUMBER
Classification number 572.86
Book Number S58D
100 ## - MAIN ENTRY--PERSONAL NAME
Personal name Semwal, K P
245 ## - TITLE STATEMENT
Title Discovering genomics: Proteomics and bioinformatics
250 ## - EDITION STATEMENT
Edition statement
260 ## - PUBLICATION, DISTRIBUTION, ETC. (IMPRINT)
Name of publisher, distributor, etc Random Publishing
Date of publication, distribution, etc 2022
Place of publication, distribution, etc Middlesex
300 ## - PHYSICAL DESCRIPTION
Pages viii, 264
650 ## - Subject
Subject Biochemistry
650 ## - Subject
Subject Molecular Biology
650 ## - Subject
Subject Genomics
942 ## - ADDED ENTRY ELEMENTS (KOHA)
Koha item type Books
Holdings
Withdrawn status Lost status Source of classification or shelving scheme Damaged status Not for loan Location (home branch) Sublocation or collection (holding branch) Shelving location Date acquired Koha issues (times borrowed) Koha full call number Accession No. Koha date last seen Koha item type
    Dewey Decimal Classification     VIVEKANANDA LIBRARY VIVEKANANDA LIBRARY Vivekananda Library 15/12/2025   572.86 S58D 443666 15/12/2025 Books
© Designed and Maintained by Vivekananda Library, MDU Rohtak